Anadolu çırağı / (Kayıt no. 10013)

MARC ayrıntıları
000 -BAŞLIK
Sabit Uzunluktaki Kontrol Alanı 00695nam a22002177a 4500
003 - KONTROL NUMARASI KİMLİĞİ
Kontrol Alanı KOHA_MİRAKIL
005 - EN SON İŞLEM TARİHİ ve ZAMANI
Kontrol Alanı 20260324121816.0
008 - SABİT UZUNLUKTAKİ VERİ ÖGELERİ - GENEL BİLGİ
Sabit Alan 260324b tu ||||| |||| 00| 0 tur d
020 ## - ISBN - ULUSLARARASI STANDART KİTAP NUMARASI
Isbn 9786055416164
040 ## - KATALOGLAMA KAYNAĞI
Özgün Kataloglama Kurumu TR-AnABB
Kataloglama Dili tur
Çeviri Kurumu TR-AnABB
041 ## - DİL KODU
Metin ya da ses kaydının dil kodu tur
082 ## - DEWEY ONU SINIFLAMA SİSTEMİ
Sınıflama Numarası 818.993603
Cutter numarası SAH 2017
100 1# - KİŞİ ADI
Yazar Adı (Kişi adı) Şahtaxti, Sabir
245 10 - ESER ADI BİLDİRİMİ
Başlık Anadolu çırağı /
Sorumluluk Bildirimi Sabir Şahtaxti ; çeviri: Metin Yıldırım, Narmin Zahidkızı
260 ## - YAYIN, DAĞITIM, VB.
Yayın Yeri İstanbul :
Yayınevi Emre Yayınevi,
Yayın Tarihi 2017
300 ## - FİZİKSEL TANIMLAMA
Sayfa, Cilt vb. 190 sayfa ;
Boyutları 20 cm
650 04 - KONU BAŞLIĞI EK GİRİŞ - KONU TERİMİ
Konusal terim veya coğrafi ad Azeri edebiyatı, roman
700 1# - EK GİRİŞ - KİŞİ ADI
Yazar Adı (Kişi adı) Yıldırım, Metin,
İlişkili Terim çeviren
9 (RLIN) 3094
700 1# - EK GİRİŞ - KİŞİ ADI
Yazar Adı (Kişi adı) Zahidkızı, Narmin,
İlişkili Terim çeviren
9 (RLIN) 3095
942 ## - EK GİRİŞ ÖGELERİ (KOHA)
Sınıflama Kaynağı Dewey Decimal Classification
Materyal Türü Kitap
900 ## - YEREL BİLGİ
Kontrol Can ÇELIK
Mevcut
Geri Çekilme Durumu Kayıp Durumu Sınıflandırma Kaynağı Kredi için değil Kalıcı Konum Mevcut Konum Kayıt Tarih Toplam Ödünçverme Yer Numarası Demirbaş Numarası Son Görülme Tarihi Fatura Tarihi Materyal Türü
    Dewey Decimal Classification   Prof. Dr. Ruşen Keleş Kütüphanesi Prof. Dr. Ruşen Keleş Kütüphanesi 24/03/2026   818.993603 SAH 2017 RK1026 24/03/2026 24/03/2026 Kitap